Concessão de rodovias : (Record no. 691)

MARC details
000 -LÍDER
Campo Fixo de Controle 01067nam a2200265 a 4500
001 - NÚMERO DE CONTROLE
Campo de Controle 691
003 - IDENTIFICAÇÃO DO NÚMERO DE CONTROLE
Campo de Controle BR-CuiBMT
005 - DATA E HORA DA ÚLTIMA ATUALIZAÇÃO
Campo de Controle 20231127162641.0
008 - DADOS FIXOS
Dados Fixos 231113b2018 mgb 000 0 por d
020 ## - INTERNATIONAL STANDARD BOOK NUMBER
Nº do ISBN 9788545004035
040 ## - AGÊNCIA CATALOGADORA
Código da Agência Catalogadora BR-CuiBMT
Agência que transcreveu o registro BR-CuiBMT
080 ## - Nº DA CLASSIFICAÇÃO DECIMAL UNIVERSAL
Nº edição CDU 2007
Nº Class. CDU 35.078.6:656.11
090 ## - NÚMERO DE CHAMADA
Nº classificação 35.078.6:656.11
Cutter F866c
100 1# - ENTRADA PRINCIPAL -- AUTOR PESSOAL
Nome pessoal Freitas, Rafael Véras de
245 10 - TÍTULO PRINCIPAL
Título principal Concessão de rodovias :
Subtítulo de acordo com a Lei nº 13.334/2016, que cria o Programa de Parcerias de Investimentos (PPI), e com a Lei nº 13.448/2017, que disciplina a prorrogação e a relicitação /
Indicação de responsabilidade Rafael Véras de Freitas ; Prefácio, Floriano de Azevedo Marques Neto.
260 ## - PUBLICAÇÃO, DISTRIBUIÇÃO, ETC.
Local de publicação Belo Horizonte :
Editora Fórum,
Data 2018.
300 ## - DESCRIÇÃO FÍSICA
N. páginas ou volumes 277 p. ;
Dimensões 22 cm
504 ## - NOTA DE BIBLIOGRAFIA, ETC.
Nota de bibliografia Inclui bibliografia.
590 ## - NOTA LOCAL
Nota local A Biblioteca possui a 1. reimpr. 2018.
650 ## - ASSUNTO TÓPICO
Cabeçalho tópico ou nome geográfico Rodovias
Subdivisão geral Concessões públicas
Subdivisão geográfica Brasil
650 ## - ASSUNTO TÓPICO
Cabeçalho tópico ou nome geográfico Rodovias
Subdivisão geral Aspectos jurídicos
Subdivisão geográfica Brasil
650 ## - ASSUNTO TÓPICO
Cabeçalho tópico ou nome geográfico Rodovias
Subdivisão geral Aspectos econômicos
Subdivisão geográfica Brasil
650 ## - ASSUNTO TÓPICO
Cabeçalho tópico ou nome geográfico Concessionárias
Subdivisão geral Regime jurídico
Subdivisão geográfica Brasil
942 ## - ELEMENTOS DE ENTRADA ADICIONAIS (KOHA)
Fonte de classificação ou esquema de arquivamento Classificação Decimal Universal
Tipo de item do Koha Livros
Holdings
Estado: removido Estado: perdido Fonte de classificação ou esquema de arquivamento Estado: danificado Indisponível para empréstimo Localização permanente Localização atual Data de aquisição Total Checkouts Número de Chamada completo Código de barras Date last seen Número do exemplar Preço efetivo a partir de Tipo de item (Koha) Nota pública
    Classificação Decimal Universal     Biblioteca da Escola Superior de Contas do TCE/MT Biblioteca da Escola Superior de Contas do TCE/MT 31/07/2019   35.078.6:656.11 F866c BIBTCEMT23110539 13/11/2023 Ex. 1 13/11/2023 Livros 1. reimpr. 2018
    Classificação Decimal Universal     Biblioteca da Escola Superior de Contas do TCE/MT Biblioteca da Escola Superior de Contas do TCE/MT 22/11/2023   35.078.6:656.11 F866c BIBTCEMT23110840 22/11/2023 Ex. 2 22/11/2023 Livros  

Powered by Koha